00561nam a2200157Ia 4500003000900000008004100009040001600050080002200066100001900088245013200107260007700239300001400316650004100330650001900371700001300390IN-BaIIA211028s9999 xx 000 0 eng d cIIA Library a082.2:52bIAU-C42 aKippenhahn. R. 4aThe interaction of variable stars with their environmentcR. Kippenhahn and J. Rahe  aBambergbAstronomisches Institut Der Universitat Erlangen-Nurnbergc1977 aIx, 649p. aAstronomy and astrophysics thesaurus aVariable stars aRahe, J.